| 000 | 00681nam a22002177a 4500 | ||
|---|---|---|---|
| 008 | 131107b xxu||||| |||| 00| 0 eng d | ||
| 020 | _a0387180664 | ||
| 041 | 0 | _ager | |
| 080 | _a331 : 32 | ||
| 100 | _aHenn, Rudolf | ||
| 245 | 0 | 0 |
_aTechnologie, Wachstum und Beschäftigung : _cherausgegeben Rudolf Henn. |
| 260 |
_aBerlin ; _aNew York : _bSpringer-Verlag, _cc1987. |
||
| 300 |
_a1047 f. : _bme il. ; _c25 cm. |
||
| 500 | _aAutorenverzeichnis = [Fjalor i autorëve] : 1041 - 1045 | ||
| 650 | 0 |
_aTeknologji _xKongreset |
|
| 650 | 0 | _aPunësimi | |
| 650 | 0 | _aPolitika | |
| 700 | _aSpäth, Lothar, | ||
| 700 | _aHenn, Rudolf. | ||
| 942 |
_2udc _cBK |
||
| 999 |
_c244 _d244 |
||